SUBUR type smoke-houses (Record no. 53219)
[ view plain ]
| 000 -LEADER | |
|---|---|
| fixed length control field | 00319nam a2200121Ia 4500 |
| 100 ## - MAIN ENTRY--AUTHOR NAME | |
| Personal name | Moore A |
| 245 #0 - TITLE STATEMENT | |
| Title | SUBUR type smoke-houses |
| 260 ## - PUBLICATION, DISTRIBUTION, ETC. (IMPRINT) | |
| Name of publisher | Journal of the Rubber Research Institute of Malaya |
| Year of publication | 1937 |
| 300 ## - PHYSICAL DESCRIPTION | |
| Number of Pages | 147-164 |
| 700 ## - ADDED ENTRY--PERSONAL NAME | |
| Personal name | Piddlesden J H |
| 942 ## - ADDED ENTRY ELEMENTS (KOHA) | |
| Koha item type | Journals |
| Withdrawn status | Lost status | Damaged status | Not for loan | Home library | Current library | Date acquired | Serial Enumeration / chronology | Koha item type |
|---|---|---|---|---|---|---|---|---|
| Journals | RRII Library | RRII Library | 17/12/2021 | Volume 7, Issue 2 | Journals |